Biblioteca

Los derechos humanos depredados : hacia una dictadura del relativismo / Janne Haaland Matlary ; traducido por María Jesús García Gonzales (Registro nro. 44801)

Detalles MARC
000 -LÍDER
Campo fijo de descripción fija 010920000a22002170004500
020 ## - NÚMERO INTERNACIONAL NORMALIZADO PARA LIBROS
Número Internacional Normalizado del libro 978-84-7057-535-8
082 04 - NÚMERO DE CLASIFICACIÓN DECIMAL DEWEY
Número de clasificación G 341.481 H1117d
001 - NÚMERO DE CONTROL
Campo de control 18353
100 1# - ASIENTO PRINCIPAL--NOMBRE PERSONAL
Nombre personal Haaland Matlary, Jannet
245 10 - TÍTULO
Título del Material Los derechos humanos depredados : hacia una dictadura del relativismo / Janne Haaland Matlary ; traducido por María Jesús García Gonzales
260 ## - PUBLICACIÓN, DISTRIBUCIÓN, ETC. (PIE DE IMPRENTA)
Lugar de publicación, distribución, etc. Madrid : Cristiandad
300 ## - DESCRIPCIÓN FÍSICA
Extensión 261 p.
336 ## - CONTENT TYPE
Content type term texto
Content type code txt
Source rdacontent
337 ## - MEDIA TYPE
Source rdamedia
Media type term sin mediación
Media type code n
338 ## - CARRIER TYPE
Source rdacarrier
Carrier type term volumen
Carrier type code nc
500 ## - NOTA GENERAL
Nota General Título en oríginal : When might becomes human right, essays on democracy and the crisis of rationality.
501 ## - NOTA DE “CON”
Nota de Contenido Rústico
505 00 - NOTA DE CONTENIDO
Nota de contenido con formato preestablecido Derechos humanos: la "Biblia" política -- cómo se convierte el poder en un derecho humano -- ¿puede restablecerse el derecho natural? -- Cristianismo y democracia europea -- la plítica de los derechos humanos de Juan Pablo II -- Benedicto XVI: la "tiranía del relativismo" y su remedio natural
650 14 - ASIENTO SECUNDARIO DE MATERIA - TERMINO TEMÁTICO
Término temático o nombre geográfico como elemento de entrada PODER (TEOLOGIA) \ IGLESIA CATOLICA Y DERECHOS CIVILES \ DERECHOS HUMANOS
942 ## - TIPO DE MATERIAL (KOHA)
Tipo de Item KOHA Libros General
Existencias
Estado de Material Estado de Perdido Estado de Dañado No para Préstamo Colección Tomo Biblioteca de Origen Biblioteca Permanente Fecha de Adquisición Total de Préstamos Signatura Topográfica Código de Barras Última vez visto Última vez Préstado Ejemplar/Existencia Fecha de Remplazo Tipo de Material
        Colección General   Biblioteca FUSBC Biblioteca FUSBC 27/05/2014 2 G 341.481 H1117d 18202 12/12/2019 03/05/2019 1 26/01/2016 Libros General

Biblioteca FUSBC | Teléfono: (57+4) 349 88 10 Ext. 141| WhatsApp (+57) 3005338115 
E-mail: biblioteca@unisbc.edu.co | Calle 76 87-14 Robledo Palenque, Medellín, Colombia

Con tecnología Koha